Statistics for Atletico Madrid scorers in Liga 2015-2016

Click here to take the quiz!

General Stats

  • This quiz has been taken 65 times
    (45 since last reset)
  • The average score is 10 of 15

Answer Stats

Player Goals % Correct
Antoine Griezmann22
100%
Diego Godin1
93%
Koke5
91%
Fernando Torres11
80%
Felipe Luis1
80%
Gabi1
77%
Juanfran1
73%
José Gimenez1
68%
Yannick Carrasco4
64%
Angel Correa5
55%
Saul Niguez4
50%
Tiago1
45%
Lucas Vietto1
43%
Thomas Partey2
39%
Jackson Martinez2
30%

Score Distribution

Percentile by Number Answered

Percent of People with Each Score

Your Score History

You have not taken this quiz since the last reset